| 000 | 00730cam a2200217 4500 | ||
|---|---|---|---|
| 008 | 000000n1999 000 0 eng u | ||
| 020 | _a0717616738 | ||
| 035 | _a(Sirsi) u100032 | ||
| 041 | _aENG | ||
| 050 | _a549.66 | ||
| 110 |
_aGreat Britain _bHealth and Safety Commission |
||
| 245 | 4 | _aThe control of asbestos at work (third edition): Control of Asbestos at Work Regulations 1987. | |
| 260 |
_aLondon _bStationery Office _c1999 |
||
| 300 | _aiv, 40p. ; 30cm. | ||
| 350 | _a6.75 | ||
| 650 | _aMANAGEMENT-HEALTH AND SAFETY-HAZARDOUS SUBSTANCES-ASBESTOS | ||
| 650 | _aCONTROL OF ASBESTOS AT WORK REGULATIONS 1987 | ||
| 650 |
_aHEALTH AND SAFETY _96244 |
||
| 690 | _aBUILT ENVIRONMENT-BUILDING STANDARDS | ||
| 942 | _n0 | ||
| 999 |
_c99558 _d99558 |
||